Whoa Jealousy / (رقم التسجيلة. 105322)

تفاصيل مارك
000 -LEADER
fixed length control field 00521nam a22001937a 4500
005 - DATE AND TIME OF LATEST TRANSACTION
control field 20251108173509.0
008 - FIXED-LENGTH DATA ELEMENTS--GENERAL INFORMATION
fixed length control field 250721s2002 xx 000 0 eng d
020 ## - INTERNATIONAL STANDARD BOOK NUMBER
International Standard Book Number 399234357
082 14 - DEWEY DECIMAL CLASSIFICATION NUMBER
Classification number J/F/HUB
100 1# - MAIN ENTRY--PERSONAL NAME
Personal name hubbard, woodligh marx
Relator term مؤلف
245 10 - TITLE STATEMENT
Title Whoa Jealousy /
264 1# - PRODUCTION, PUBLICATION, DISTRIBUTION, MANUFACTURE, AND COPYRIGHT NOTICE
Place of production, publication, distribution, manufacture new york :
Name of producer, publisher, distributor, manufacturer g. p; putnam,s sons,
Date of production, publication, distribution, manufacture, or copyright notice 2002.
300 ## - PHYSICAL DESCRIPTION
Extent 30p.
650 17 - SUBJECT ADDED ENTRY--TOPICAL TERM
Topical term or geographic name as entry element FICTION
653 ## - INDEX TERM--UNCONTROLLED
Uncontrolled term مرحلة متوسطة (6-9 سنوات)
700 1# - ADDED ENTRY--PERSONAL NAME
Personal name madeline, houston
Relator term مؤلف
942 ## - ADDED ENTRY ELEMENTS (KOHA)
Source of classification or shelving scheme Dewey Decimal Classification
Koha item type كتب
المقتنيات
حالة السحب حالة الفقدان مصدر التصنيف حالة التلف غير قابل للإعارة المكتبة الرئيسية المكتبة الحالية موقع الرف تاريخ التزويد الرقم المتسلسل Total Checkouts رقم الإستدعاء الباركود تاريخ آخر ظهور تاريخ الفاتورة نوع المادة (كوها)
    Dewey Decimal Classification     مكتبة قتيبة للأطفال مكتبة قتيبة للأطفال الأطفال 28/07/2025 894164   J/F/HUB 894164 28/07/2025 28/07/2025 كتب
    Dewey Decimal Classification     مكتبة أم المؤمنين للأطفال مكتبة أم المؤمنين للأطفال الأطفال 28/07/2025 1046071   J/F/HUB 1046071 28/07/2025 28/07/2025 كتب
    Dewey Decimal Classification     مكتبة الاميرة بديعة مكتبة الاميرة بديعة الأطفال 14/05/2009 1278076   J/F/HUB PLD00091056 28/07/2025 14/05/2009 كتب
    Dewey Decimal Classification     مكتبة البيادر مكتبة البيادر الأطفال 19/05/2015 894476   J/F/HUB PLD00325010 28/07/2025 19/05/2015 كتب
Withdrawn   Dewey Decimal Classification     مكتبة الراية الهاشمية للأطفال مكتبة الراية الهاشمية للأطفال الأطفال 14/05/2009 1278075   J/F/HUB PLD00091055 28/07/2025 14/05/2009 كتب
    Dewey Decimal Classification     مكتبة حمزة العامة مكتبة حمزة العامة الأطفال 14/05/2009 1278077   J/F/HUB PLD00091057 28/07/2025 14/05/2009 كتب
    Dewey Decimal Classification     مكتبة عدن للأطفال مكتبة عدن للأطفال الأطفال 17/03/2009 894286   J/F/HUB PLD00078785 28/07/2025 17/03/2009 كتب
    Dewey Decimal Classification     مكتبة عدن للأطفال مكتبة عدن للأطفال الأطفال 11/02/2025 1792799   J/F/HUB PLD00515397 28/07/2025 11/02/2025 كتب
    Dewey Decimal Classification     مكتبة ومركز فرح مكتبة ومركز فرح الأطفال 14/05/2009 1278072   J/F/HUB PLD00091051 28/07/2025 14/05/2009 كتب
    Dewey Decimal Classification     مكتبةمؤتة مكتبةمؤتة الأطفال 14/05/2009 1278074   J/F/HUB PLD00091054 28/07/2025 14/05/2009 كتب
Implemented & Customized by: BBB with SCIT (Smart Chains for Information Technology)

Powered by Koha